Państwa, które uzyskały niepodległość od Francji - Statystyki

Ogólne statystyki
  • Ten quiz został rozwiązany 27 razy
  • Średni wynik to 17 z 26
Statystyki odpowiedzi
Rok Państwo % Poprawnych
1962 Algieria
95%
1955 Maroko
86%
1960 Senegal
86%
1960 Czad
81%
1960 Wybrzeże Kości Słoniowej
81%
1960 Benin
76%
1958 Gwinea
76%
1960 Mali
76%
1960 Niger
76%
1956 Tunezja
76%
1960 Burkina Faso
71%
1960 Kongo
71%
1960 Togo
71%
1960 Mauretania
67%
1960 Gabon
62%
1953 Kambodża
62%
1960 Kamerun
62%
1960 Madagaskar
62%
1953 Laos
57%
1960 Republika Środkowoafrykańska
57%
1814 Andora
52%
1804 Haiti
52%
1975 Komory
52%
1977 Dżibuti
29%
1943 Liban
29%
1980 Vanuatu
24%
Nie znaleziono quizów pasujących do podanych kryteriów
Rozkład punktacji
Procent ludzi z każdym wynikiem
Percentyl według liczby udzielonych odpowiedzi
Twoja historia wyników
Nie rozwiązałeś tego quizu